Central Library OPAC University of Rajshahi

The posthumous papers of the Pickwick Club / (Record no. 79703)

MARC details
000 -LEADER
fixed length control field 00641nam a2200229 a 4500
001 - CONTROL NUMBER
control field 79703
003 - CONTROL NUMBER IDENTIFIER
rucl marc code BD-RjUL
005 - DATE AND TIME OF LATEST TRANSACTION
control field 20220417122727.0
008 - FIXED-LENGTH DATA ELEMENTS--GENERAL INFORMATION
fixed length control field 220417s1894 enka 000 1
035 ## - SYSTEM CONTROL NUMBER
System control number (BD-RjUL)79703
040 ## - CATALOGING SOURCE
Original cataloging agency NJG
Transcribing agency NJG
Modifying agency m.c
Language of cataloging eng
041 ## - LANGUAGE CODE
Language code of text/sound track or separate title eng
082 ## - DEWEY DECIMAL CLASSIFICATION NUMBER
Edition number 23
Classification number 823
Author mark and year DIP 1894
100 1# - MAIN ENTRY--PERSONAL NAME
Personal name Dickens, Charles,
Dates associated with a name 1812-1870.
9 (RLIN) 2265
245 14 - TITLE STATEMENT
Title The posthumous papers of the Pickwick Club /
Statement of responsibility, etc. by Charles Dickens
260 ## - PUBLICATION, DISTRIBUTION, ETC. (IMPRINT)
Place of publication, distribution, etc. London :
Name of publisher, distributor, etc. Chapman & Hall,
Date of publication, distribution, etc. 1894
300 ## - PHYSICAL DESCRIPTION
Pagination v. :
Illustrations ill ;
Size 21 cm.
505 01 - FORMATTED CONTENTS NOTE
Formatted contents note vol.1-- Vol. 2--
650 ## - SUBJECT ADDED ENTRY--TOPICAL TERM
Topical term or geographic name as entry element English fiction
9 (RLIN) 2263
942 ## - ADDED ENTRY ELEMENTS (KOHA)
Source of classification or shelving scheme Dewey Decimal Classification
Koha item type Books
Holdings
Lost status Source of classification or shelving scheme Damaged status Not for loan Collection code Permanent Location Current Location Shelving location Date acquired Source of acquisition Cost, normal purchase price Total Checkouts Full call number Date last seen Copy number Koha item type
  Dewey Decimal Classification   Not For Loan Fiction Central Library, University of Rajshahi Central Library, University of Rajshahi Reading Room 20/11/1956 B.H. Blackeell ltd. 14.00   823 DIP V-1 1894 17/04/2022 C-1 Books
  Dewey Decimal Classification   Not For Loan Fiction Central Library, University of Rajshahi Central Library, University of Rajshahi Reading Room 20/11/1956 B.H. Blackeell ltd. 14.00   823 DIP V-2 1894 17/04/2022 C-1 Books